Normal view MARC view

Entry Nome pessoal

Number of records used in: 2

001 - NÚMERO DE CONTROLE

  • campo de controle: 877

003 - IDENTIFICADOR DO NÚMERO DE CONTROLE

  • campo de controle: Br

005 - DATA E HORÁRIO DA ÚLTIMA TRANSAÇÃO

  • campo de controle: 20250508132631.0

008 - CAMPO DE DADOS FIXOS

  • campo de controle de tamanho fixo: 100010|| acnnnaab| aaaa

035 ## - NÚMERO DE CONTROLE DO SISTEMA

  • Número de Controle do Sistema: 100010614372031E15

040 ## - FONTE DA CATALOGAÇÃO

  • Instituição da catalogação original: Br
  • Instituição que transcreveu o registro: Br
  • Convenções de cabeçalho de assunto/tesauros: Br

100 1# - CABEÇALHO--NOME PESSOAL

  • Nome pessoal: Jordan, Penny,
  • Datas associadas ao nome: 1946-2011

400 1# - REMISSIVA VER--NOME PESSOAL

  • Nome pessoal: Halsall, Penny
  • Datas associadas ao nome: 1946-2011

400 1# - REMISSIVA VER--NOME PESSOAL

  • Nome pessoal: Jones, Penelope
  • Datas associadas ao nome: 1946-2011

500 1# - VEJA TAMBÉM COM O RASTREAMENTO - NOME PESSOAL

  • Nome pessoal: Groves, Annie,
  • Datas associadas ao nome: 1946-2011

670 ## - FONTE POSITIVA DOS DADOS

  • Citação da fonte positiva dos dados: Autor de: Gaiola dourada. 1982.

670 ## - FONTE POSITIVA DOS DADOS

  • Citação da fonte positiva dos dados: BN-Opale, 04/01/2000

670 ## - FONTE POSITIVA DOS DADOS

  • Citação da fonte positiva dos dados: http://authorities.loc.gov/ 19/06/2013
  • Dados encontrados na fonte localizada no subcampo: (rem.; ref.; nasceu em 24/11/1946, em Preston, Lancashire; faleceu em 21/12/2011)

670 ## - FONTE POSITIVA DOS DADOS

  • Citação da fonte positiva dos dados: Liv. cat.

670 ## - FONTE POSITIVA DOS DADOS

  • Citação da fonte positiva dos dados: British 84/87

670 ## - FONTE POSITIVA DOS DADOS

  • Citação da fonte positiva dos dados: Canadiana 86/87

670 ## - FONTE POSITIVA DOS DADOS

  • Citação da fonte positiva dos dados: Seu: Rede de sedução c1986.
  • Dados encontrados na fonte localizada no subcampo: (dn-1946)

Powered by Koha